| 000 | 01292nam a22002775a 4500 | ||
|---|---|---|---|
| 003 | OSt | ||
| 005 | 20170328121814.0 | ||
| 008 | 170328s2010 ua frb 000 0 ara d | ||
| 015 | _a2009 / 23846 | ||
| 020 | _a9789770463017 | ||
| 040 |
_aEG-ScBUE _bara _cEG-ScBUE |
||
| 043 |
_ama----- _ae------ |
||
| 082 | 0 | 4 |
_a346.0926 _bع ث م _222 |
| 100 | 1 | _aعثمان، جمال عبد العزيز. | |
| 245 | 1 | 2 |
_aالإفصاح والشفافية في المعلومات المتعلقة بالأوراق المالية المتداولة في البورصة : _bدراسة قانونية مقارنة / _cجمال عبد العزيز العثمان. |
| 260 |
_aالقاهرة : _bدار النهضة العربية، _c2010. |
||
| 300 |
_a440 ص. ؛ _c24 سم. |
||
| 504 | _aيشتمل على إرجاعات ببليوجرافية. | ||
| 650 | 7 |
_aالأوراق المالية _xقوانين وتشريعات _zالبلاد العربية. _2BUEsh |
|
| 650 | 7 |
_aالأوراق المالية _xقوانين وتشريعات _zأوروبا. _2BUEsh |
|
| 650 | 7 |
_aالبورصات _xقوانين وتشريعات _zالبلاد العربية. |
|
| 650 | 7 |
_aالبورصات _xقوانين وتشريعات _zأوروبا. _2BUEsh |
|
| 651 | _2BUEsh | ||
| 653 |
_bLLAAWW _cMarch2017 |
||
| 942 | _2ddc | ||
| 999 |
_c24555 _d24527 |
||